ბათუმის შოთა რუსთაველის სახელმწიფო უნივერსიტეტის ბიბლიოთეკა

მხაზველობითი გეომეტრიის ამოცანათა კრებული : დამხმ. სახელმძღვ. / (ბიბ.ჩანაწერი № 37703)

000 -ლიდერი
ფიქსირებული სიგრძის საკონტროლო ველი 01130nam a2200241Ia 4500
001 - საკონტროლო ნომერი
საკონტროლო ველი 3676
003 - საკონტროლო ნომრის იდენტიფიკატორი
საკონტროლო ველი GE_BSU
005 - ბოლო ოპერაციის თარიღი და დრო
საკონტროლო ველი 20190527140522.0
008 - ფიქსირებული სიგრძის მონაცემთა ელემენტები - ზოგადი ინფორმაცია
ფიქსირებული სიგრძის საკონტროლო ველი 181216s1978|||| |||||||||||||| ||geo||
040 ## - კატალოგიზაციის წყარო
Transcribing agency GE_BSU
041 ## - ენის კოდი
Language code of text/sound track or separate title geo
080 ## - უნივერსალური ათობითი კლასიფიკაციის ინდექსი
Universal Decimal Classification number 514.18(076.1) კ–18
100 ## - მთავარი ჩანაწერი - პიროვნების სახელი
Personal name კალანდაძე, ქ
9 (RLIN) 1622
245 ## - ცნობა სათაურის შესახებ
Title მხაზველობითი გეომეტრიის ამოცანათა კრებული : დამხმ. სახელმძღვ. /
Statement of responsibility, etc ქ. კალანდაძე ; რედ : |ჩ. გურგენიძე.
264 ## - წარმოების, გამოცემის, დისტრიბუციის და სხვა ცნობები
გამოცემის, წარმოების, დისტრიბუციის... ადგილი თბილისი :
გამოცემის, წარმოების, დისტრიბუციის... სახელწოდება განათლება,
გამოცემის, წარმოების, დისტრიბუციის... თარიღი 1978.
300 ## - ფიზიკური აღწერა
Extent 259 გვ .:
Other physical details ილ
Dimensions 22 სმ
653 ## - INDEX TERM--UNCONTROLLED
Uncontrolled term გეომეტრია
653 ## - INDEX TERM--UNCONTROLLED
Uncontrolled term მათემატიკა
653 ## - INDEX TERM--UNCONTROLLED
Uncontrolled term მხაზველობითი გეომეტრია
653 ## - INDEX TERM--UNCONTROLLED
Uncontrolled term მხაზველობითი გეომეტრიის ამოცანათა კრებული
700 ## - ADDED ENTRY--PERSONAL NAME
Personal name გურგენიძე, ჩ
Relator term რედაქტორი
9 (RLIN) 1623
942 ## - ADDED ENTRY ELEMENTS (KOHA)
Koha item type წიგნი
Source of classification or shelving scheme
ეგზემპლარები
ჩამოწერის სტატუსი დაკარგული ეგზემპლარის სტატუსი კლასიფიკაციის წყარო ან თაროზე გაწყობის სქემა დაზიანების სტატუსი არ გაიცემა მუდმივი მდებარეობა (დაცვის ადგილი) ამჟამინდელი ადგილსამყოფელი თაროზე განთავსების ადგილი შეძენის თარიღი ღირებულება, შესყიდვის ნორმალური ფასი სრული შენახვის შიფრი შტრიხკოდი ბოლო ოპერაციის თარიღი ეგზემპლარის მიმდევრობითი ნომერი (კეტერი?) ფასის ძალაში შესვლის თარიღი ეგზემპლარის სახეობა საჯარო შენიშვნა
          ტექნოლოგიური ფაკულტეტის ბიბლიოთეკა ტექნოლოგიური ფაკულტეტის ბიბლიოთეკა წიგნსაცავი 2018-12-17 1.00 514.18(076.1) კ–18 9065 2018-12-17 9065 2018-12-17 წიგნი 1ლ. 46 თ.
          ტექნოლოგიური ფაკულტეტის ბიბლიოთეკა ტექნოლოგიური ფაკულტეტის ბიბლიოთეკა წიგნსაცავი 2018-12-17 1.00 514.18(076.1) კ–18 9066 2018-12-17 9066 2018-12-17 წიგნი 1 ლ. 46 თ.
          ტექნოლოგიური ფაკულტეტის ბიბლიოთეკა ტექნოლოგიური ფაკულტეტის ბიბლიოთეკა წიგნსაცავი 2018-12-17 1.00 514.18(076.1) კ–18 9067 2018-12-17 9067 2018-12-17 წიგნი 1 ლ. 46 თ.